Sportifs Francais en images #5 - Statistiques

Statistiques générales
  • Ce quiz a été pris 156 fois
  • Le résultat moyen est 8 sur 16
Statistiques - réponses
Par images Réponse % Correct
Karim Benzema
99%
Didier Deschamps
94%
Alexis Lebrun
81%
Rudy Gobert
80%
Richard Gasquet
70%
Cyril Gane
66%
Alain Prost
54%
Laure Boulleau
50%
Cléopatre Darleux
43%
Sakina Karchaoui
43%
Laurent Fignon
33%
Didier Dinart
32%
Tessa Worley
29%
Mary Pierce
27%
Muriel Hurtis
14%
Mathieu Pavon
7%
Aucun quiz correspondant
Distribution des résultats
% des personnes avec chaque résultat
Percentile par nombre de réponses
Votre historique - résultats
Vous n’avez pas pris ce quiz